[Event "NK Senioren enVeteranen 2025"]
[Site "Dieren, Netherlands"]
[Date "2025.07.12"]
[Round "1"]
[White "Voogt, Bob"]
[Black "Van Rijn, Anton"]
[Result "1/2-1/2"]
[BlackElo "2215"]
[BlackFed "NED"]
[BlackFideId "6064949"]
[BlackTitle "CM"]
[WhiteElo "2029"]
[WhiteFed "NED"]
[WhiteFideId "6194419"]

1. e4 d6 2. d4 Nf6 3. Nc3 g6 4. Nf3 Bg7 5. Be2 O-O 6. O-O a6 7. a4 Nc6 8. Re1
h6 9. h3 e5 10. dxe5 dxe5 11. Be3 Be6 12. Qc1 Kh7 13. Bc5 Re8 14. Qe3 Nd7 15.
Rad1 Qb8 16. Nd5 b6 17. Ba3 Nd4 18. Nxd4 exd4 19. Qg3 Qb7 20. f4 c6 21. Nb4 a5
22. Nd3 Qc7 23. Bf3 Rad8 24. e5 c5 25. Nf2 f5 26. exf6 Nxf6 27. b3 Nd5 28. Bxd5
Bxd5 29. Ng4 Qf7 30. Ne5 Qf5 31. Nd3 Re4 32. Bc1 Rde8 33. Rxe4 Rxe4 34. Re1 Bf6
35. Qf2 h5 36. Re2 Qe6 37. Rxe4 Qxe4 38. Ne1 Kg7 39. Bd2 d3 40. cxd3 Qe6 41.
Nf3 Bxb3 42. d4 c4 43. d5 Qd6 44. Ne5 Kh7 45. Bc3 Qc7 46. Qd4 Qd6 47. Qe4 Bg7
48. f5 Bxa4 49. fxg6+ Kg8 50. Qf5 Be8 51. Qc8 Kf8 52. Nxc4 Qxd5 53. Bxg7+ Kxg7
54. Qc7+ Kxg6 55. Qxb6+ Kg7 56. Qc7+ Bf7 57. Qg3+ Kf8 58. Qb8+ Kg7 59. Qg3+
1/2-1/2

[Event "NK Senioren enVeteranen 2025"]
[Site "Dieren, Netherlands"]
[Date "2025.07.12"]
[Round "1"]
[White "Bottema, Tom"]
[Black "Houweling, Bert"]
[Result "1-0"]
[BlackElo "2027"]
[BlackFed "NED"]
[BlackFideId "6203637"]
[WhiteElo "2166"]
[WhiteFed "NED"]
[WhiteFideId "6377195"]

1.g3 c5 2.d3 Nc6 3.Bg2 d5 4.c3 Nf6 5.e4 dxe4 6.dxe4 Qxd1+ 7.Kxd1 Bg4+ 8.f3
O-O-O+ 9.Kc2 Be6 10.Nh3 Bc4 11.Be3 e5 12.Na3 Bd3+ 13.Kc1 h6 14.c4 Nb4 15.Nf2
Be7 16.b3 a6 17.Kb2 Kc7 18.Rhd1 Be2 19.Re1 Bd3 20.Rad1 g5 21.Rd2 Rd7 22.Bh3 g4
23.Nxg4 Bxe4 24.Nxf6 Rxd2+ 25.Bxd2 Nd3+ 26.Kc3 Nxe1 27.fxe4 Bxf6 28.Bxe1 Bg5
29.Bd2 Rd8 30.Nb1 Rd6 31.Bf5 Bxd2+ 32.Nxd2 f6 33.Nf1 Rd1 34.Ne3 Rc1+ 35.Kd3 Ra1
36.a4 Kd6 37.h4 Rb1 38.Kc2 Rg1 39.g4 Rh1 40.h5 Rh2+ 41.Kd3 b6 42.Nd5 Rh3+
43.Kc2 b5 44.axb5 axb5 45.cxb5 c4 46.bxc4 Kc5 47.Be6 Rh2+ 48.Kd3 Rh3+ 49.Ne3
Rh1 50.Nf5 Rh3+ 51.Ke2 Ra3 52.Kf2 Ra2+ 53.Kg3 Ra3+ 54.Kh4 Ra1 55.Nxh6  1-0

[Event "NK Senioren enVeteranen 2025"]
[Site "Dieren, Netherlands"]
[Date "2025.07.12"]
[Round "1"]
[White "De Vries, Leon"]
[Black "Cornelisse, John"]
[Result "0-1"]
[BlackElo "2158"]
[BlackFed "NED"]
[BlackFideId "7143191"]
[WhiteElo "2019"]
[WhiteFed "NED"]
[WhiteFideId "7359990"]

1.Nf3 d5 2.e3 Nf6 3.c4 e6 4.Nc3 Be7 5.b3 O-O 6.Bb2 b6 7.Qc2 Bb7 8.Be2 c5 9.O-O
Nc6 10.cxd5 exd5 11.d4 cxd4 12.exd4 Rc8 13.a3 Bd6 14.Bd3 Ne7 15.Rfe1 Ng6 16.Ne5
Ne4 17.Nxg6 hxg6 18.Bxe4 dxe4 19.Qd2 f5 20.Rad1 Qh4 21.h3 Bf4 22.Qc2 Qg5 23.Bc1
e3 24.fxe3 Rxc3 25.exf4 Rxc2 26.fxg5 Rxg2+ 27.Kf1 Rc8 28.Rd2 Rxc1  0-1

[Event "NK Senioren enVeteranen 2025"]
[Site "Dieren, Netherlands"]
[Date "2025.07.12"]
[Round "1"]
[White "Mijnheer, Peter"]
[Black "Drent, Sjoerd"]
[Result "1-0"]
[BlackElo "2019"]
[BlackFed "NED"]
[BlackFideId "7266765"]
[WhiteElo "2153"]
[WhiteFed "NED"]
[WhiteFideId "6884757"]

1. d4 e6 2. c4 f5 3. e3 Nf6 4. Nc3 d5 5. Qc2 c6 6. Bd3 Bd6 7. f3 O-O 8. Nge2
Qe7 9. Bd2 Nbd7 10. cxd5 cxd5 11. Nb5 Nb8 12. Nxd6 Qxd6 13. b4 Bd7 14. Qb3 Rc8
15. O-O Be8 16. a4 Nbd7 17. a5 g5 18. b5 Qf8 19. Qb4 Qg7 20. Qd6 Nf8 21. Rac1
Bg6 22. Rc5 Ne8 23. Rxc8 Rxc8 24. Qa3 f4 25. exf4 Bxd3 26. Qxd3 gxf4 27. Bxf4
Ng6 28. Qe3 Qf6 29. Be5 Nxe5 30. dxe5 Qg6 31. Nd4 Rc4 32. f4 Ng7 33. f5 Nxf5
34. Nxf5 exf5 35. Qxa7 Qf7 36. Qe3 f4 37. Qh3 Re4 38. Qg4+ Kh8 39. Rc1 Rc4 40.
Rxc4 dxc4 41. Qc8+ Kg7 42. a6 Qd5 43. Qxb7+ 1-0

[Event "NK Senioren enVeteranen 2025"]
[Site "Dieren, Netherlands"]
[Date "2025.07.12"]
[Round "1"]
[White "Jonkman, Fokke"]
[Black "Hoogland, Dirk"]
[Result "0-1"]
[BlackElo "2137"]
[BlackFed "NED"]
[BlackFideId "5985199"]
[BlackTitle "CM"]
[WhiteElo "2007"]
[WhiteFed "NED"]
[WhiteFideId "6875792"]

1.c4 g6 2.Nc3 Bg7 3.e4 d6 4.d4 Nf6 5.Be2 O-O 6.Bg5 c6 7.h4 Qa5 8.Bd2 Qb6 9.Qc2
Qxd4 10.Be3 Qe5 11.Nf3 Qa5 12.Nd2 Ng4 13.Bxg4 Bxg4 14.f3 Be6 15.h5 Nd7 16.g4
Ne5 17.a3 Bxc4 18.Nxc4 Nxc4 19.Bc1 g5 20.Kf1 Qc5 21.Nd1 b5 22.Rb1 h6 23.Kg2 Bd4
24.f4 gxf4 25.Bxf4 Be3 26.b4 Qd4 27.Nxe3 Nxe3+ 28.Bxe3 Qxe3 29.Rb3 Qg5 30.Rf1
Rac8 31.Rf5 Qg7 32.Kh3 e6 33.Rg3 Kh7 34.Rf6 Qg5 35.Qf2 Kg7 36.Rgf3 Rc7 37.Rxe6
fxe6 38.Rxf8 Qe7 39.Rf6 Qxf6  0-1

[Event "NK Senioren enVeteranen 2025"]
[Site "Dieren, Netherlands"]
[Date "2025.07.12"]
[Round "1"]
[White "Homs, Guust"]
[Black "Lootsma, Jan"]
[Result "1/2-1/2"]
[BlackElo "2004"]
[BlackFed "NED"]
[BlackFideId "5975519"]
[WhiteElo "2113"]
[WhiteFed "NED"]
[WhiteFideId "6776407"]

1. e4 e6 2. d4 d5 3. Nc3 Nf6 4. Bg5 Be7 5. e5 Nfd7 6. Bxe7 Qxe7 7. f4 a6 8. Nf3
c5 9. Qd2 Nc6 10. O-O-O cxd4 11. Nxd4 Nxd4 12. Qxd4 b5 13. Bd3 Qc5 14. Ne2 Qxd4
15. Nxd4 Nc5 16. Kb1 Bd7 17. Rhe1 Ke7 18. c3 Rab8 19. Nc2 a5 20. a3 h5 21. Be2
h4 22. Bf3 g6 23. Ka2 Rhc8 24. Rd4 Rh8 25. Red1 Rbc8 26. Ne3 Bc6 27. Rc1 a4 28.
Bd1 Nd7 {(=)} 29. Bc2 Rcg8 30. Ng4 Bb7 31. Re1 Rc8 32. Re3 Rc4 33. Bd3 Rxd4 34.
cxd4 Ba6 35. Re2 Rc8 36. Rc2 Rxc2 37. Bxc2 Nb8 38. b3 Nc6 39. bxa4 bxa4 40.
Bxa4 Nxd4 41. Bd1 Be2 42. Nf2 Bxd1 43. Nxd1 Ne2 44. g3 hxg3 45. hxg3 Nxg3 46.
Nf2 1/2-1/2

[Event "NK Senioren enVeteranen 2025"]
[Site "Dieren, Netherlands"]
[Date "2025.07.12"]
[Round "1"]
[White "Ellenbroek, Ton"]
[Black "Boersma, Jan"]
[Result "1-0"]
[BlackElo "2105"]
[BlackFed "NED"]
[BlackFideId "6027274"]
[WhiteElo "2002"]
[WhiteFed "NED"]
[WhiteFideId "7339552"]

1. e4 c5 2. Nf3 g6 3. c3 Bg7 4. d4 cxd4 5. cxd4 d5 6. e5 Nh6 7. Nc3 O-O 8. Qb3
Nc6 9. Bb5 Bg4 10. Bxc6 bxc6 11. Be3 Rb8 12. Qa3 Nf5 13. Nd2 c5 14. Qxc5 Rxb2
15. Qxd5 Qxd5 16. Nxd5 Rd8 17. Nf4 Nxd4 18. O-O Ne2+ 19. Nxe2 Bxe2 20. Rfb1
Rdxd2 21. Bxd2 Rxd2 22. Rb8+ Bf8 23. Rc1 e6 24. h3 Kg7 25. Rc7 Rxa2 26. Rbb7 a5
27. Rxf7+ Kg8 28. Rf6 a4 29. Rb8 Ra1+ 30. Kh2 Bc4 31. Rfxf8+ Kg7 32. Rfc8 Bd5
33. Rc7+ Kh6 34. Rh8 Kg5 35. Rf7 Rf1 36. Kg3 h6 37. h4+ Kh5 1-0

[Event "NK Senioren enVeteranen 2025"]
[Site "Dieren, Netherlands"]
[Date "2025.07.12"]
[Round "1"]
[White "Wilgenhof, Otto"]
[Black "Hageman, Ger"]
[Result "1-0"]
[BlackElo "2002"]
[BlackFed "NED"]
[BlackFideId "8195231"]
[WhiteElo "2098"]
[WhiteFed "NED"]
[WhiteFideId "5802115"]

1. d4 d5 2. Nf3 Nf6 3. c4 e6 4. Nc3 a6 5. cxd5 exd5 6. g3 c6 7. Bg2 Bd6 8. O-O
Bg4 9. Ne5 Bh5 10. Bg5 h6 11. Bxf6 gxf6 12. Nd3 Nd7 13. Qb3 Qb6 14. Qxb6 Nxb6
15. e4 dxe4 16. Nxe4 Be7 17. Nf4 Bg6 18. Nc5 O-O-O 19. Rfe1 Bd6 20. Nxg6 fxg6
21. Re6 Rhf8 22. Ne4 Bc7 23. Nxf6 Rxd4 24. Ne4 Nc4 25. Rxg6 Nxb2 26. Nc5 Rd1+
27. Rxd1 Nxd1 28. Bh3+ 1-0

[Event "NK Senioren enVeteranen 2025"]
[Site "Dieren, Netherlands"]
[Date "2025.07.12"]
[Round "1"]
[White "Knuiman, Jan"]
[Black "Dijkstra, Matthijs"]
[Result "1/2-1/2"]
[BlackElo "2095"]
[BlackFed "NED"]
[BlackFideId "8482364"]
[WhiteElo "1987"]
[WhiteFed "NED"]
[WhiteFideId "6777430"]

1.e4 c6 2.d4 d5 3.exd5 cxd5 4.Bd3 Nc6 5.c3 Nf6 6.Bf4 g6 7.h3 Bf5 8.Ne2 Bxd3
9.Qxd3 Bg7 10.O-O O-O 11.Na3 Qd7 12.Nc2 a6 13.Rad1 Rfc8 14.Qf3 b5 15.Ne3 e6
16.Ng4 Nxg4 17.hxg4 b4 18.cxb4 Nxb4 19.a3 Nc6 20.b4 Na7 21.Be5 Rc4 22.Bxg7 Kxg7
23.g5 Qe7 24.Qe3 Nb5 25.Rd3 Rac8 26.Rfd1 Qc7 27.g3 Nc3 28.Nxc3 Rxc3 29.Rxc3
Qxc3 30.Rd3 Qc1+ 31.Qxc1 Rxc1+ 32.Kg2 h6 33.gxh6+ Kxh6 34.Kf3 Kg5 35.Rb3 Ra1
36.Kg2 f5 37.Kf3 Kf6 38.g4 fxg4+ 39.Kxg4 Rd1 40.a4 Rxd4+ 41.Kf3 Rh4 42.Ke2 Ke5
43.b5 axb5 44.axb5 Rh7 45.b6 Rb7 46.Ke3 g5 47.Kf3 Kd4 48.Kg4 Kc5 49.Rc3+ Kxb6
50.Kxg5 Rf7 51.f4 d4 52.Rc1 Rc7 53.Re1 Rc6 54.Kf6 Kb5 55.Ke5 d3 56.Rd1 Kc4
57.Rc1+  1/2-1/2

[Event "NK Senioren enVeteranen 2025"]
[Site "Dieren, Netherlands"]
[Date "2025.07.12"]
[Round "1"]
[White "Duch ne, Ren "]
[Black "Beukema, Henk Jan"]
[Result "1/2-1/2"]
[BlackElo "1981"]
[BlackFed "NED"]
[BlackFideId "7264455"]
[WhiteElo "2089"]
[WhiteFed "NED"]
[WhiteFideId "7440774"]

1.c4 Nf6 2.g3 c5 3.Bg2 Nc6 4.Nf3 d5 5.cxd5 Nxd5 6.Nc3 Nc7 7.O-O e5 8.a3 Be7 9.b4
cxb4 10.axb4 a6 11.b5 axb5 12.Rxa8 Nxa8 13.Nxb5 O-O 14.Qa4 Be6 15.Bb2 Nb6
16.Qa1 f6 17.d3 Qd7 18.Qb1 Rd8 19.Ba1 Nd5 20.Nc3 Ncb4 21.Nxd5 Nxd5 22.Nd2 b5
23.Nb3 b4 24.d4 exd4 25.Nxd4 Bf7 26.Rc1 Rc8 27.h4 Nc3 28.Bxc3 Rxc3 29.Rd1 Qc8
30.Kh2 g6 31.Qe4 Bf8 32.Nb5 Rc4 33.Qd3 Qc5 34.Nd6 Bxd6 35.Qxd6 Qxd6 36.Rxd6 b3
37.Rb6 Rc2 38.Rb8+ Kg7 39.Rb7 Kf8 40.Rb8+ Ke7 41.Rb7+ Ke8 42.Rb8+ Kd7 43.Rb7+
Rc7 44.Rb6 f5 45.e4 Rc2 46.exf5 Rxf2 47.Rb7+ Ke8 48.fxg6 hxg6 49.Rb8+ Ke7
50.Kg1 Rd2 51.Be4 b2 52.Rb6 Ba2 53.Bxg6 b1=Q+ 54.Bxb1 Rd1+ 55.Kf2 Bxb1 56.Kf3
Kf7 57.Kf4 Rf1+ 58.Kg5 Be4 59.Rb4 Re1 60.Kf4 Bd5 61.Kg5 Re5+ 62.Kf4 Re6 63.Rd4
Bc6 64.g4 Rf6+ 65.Kg5 Rg6+ 66.Kf4 Rf6+ 67.Kg5  1/2-1/2

[Event "NK Senioren enVeteranen 2025"]
[Site "Dieren, Netherlands"]
[Date "2025.07.12"]
[Round "1"]
[White "Vogel, Jaap"]
[Black "Van Helvoort, Rob"]
[Result "1/2-1/2"]
[BlackElo "2079"]
[BlackFed "NED"]
[BlackFideId "6139320"]
[WhiteElo "1980"]
[WhiteFed "NED"]
[WhiteFideId "7374433"]
[WhiteTitle "FM"]

1.d4 Nf6 2.Nf3 e6 3.Bf4 d5 4.e3 Bd6 5.Bg3 Ne4 6.c4 b6 7.Nc3 Nxc3 8.bxc3 O-O
9.Bd3 dxc4 10.Bxc4 Bb7 11.Qe2 Nd7 12.e4 Bxg3 13.hxg3 e5 14.Nxe5 Nxe5 15.dxe5
Qe7 16.f4 h6 17.Rd1 Rad8 18.O-O Bc6 19.e6 fxe6 20.f5 Qc5+ 21.Kh2 Qe5 22.Rxd8
Rxd8 23.fxe6 Kh7 24.Rf5  1/2-1/2

[Event "NK Senioren enVeteranen 2025"]
[Site "Dieren, Netherlands"]
[Date "2025.07.12"]
[Round "1"]
[White "Ten Ham, John"]
[Black "Schouten, Nico"]
[Result "0-1"]
[BlackElo "2068"]
[BlackFed "NED"]
[BlackFideId "6066027"]
[BlackTitle "IM"]
[WhiteElo "1972"]
[WhiteFed "NED"]
[WhiteFideId "8224557"]

1.d4 Nf6 2.c4 g6 3.Nc3 Bg7 4.e4 d6 5.Nf3 O-O 6.Be2 e5 7.dxe5 dxe5 8.O-O Nbd7
9.Qc2 c6 10.Bg5 Qc7 11.b4 Re8 12.c5 Nf8 13.Bc4 Be6 14.Bxe6 Nxe6 15.Be3 Ng4
16.Rae1 Nxe3 17.Rxe3 Nd4 18.Qb1 Rad8 19.Rd3 Qc8 20.Nd2 Qe6 21.Kh1 Rd7 22.Nd1
Red8 23.Ne3 Bh6 24.Ndc4 Bxe3 25.Nxe3 f5 26.exf5 gxf5 27.Qd1 e4 28.Rd2 f4
29.Qg4+ Qxg4 30.Nxg4 Kg7 31.Rfd1 Rd5 32.Ne5 e3  0-1

[Event "NK Senioren enVeteranen 2025"]
[Site "Dieren, Netherlands"]
[Date "2025.07.12"]
[Round "1"]
[White "Van Oosten, Arend"]
[Black "Etmans, Maarten"]
[Result "1-0"]
[BlackElo "1945"]
[BlackFed "NED"]
[BlackFideId "6138737"]
[BlackTitle "FM"]
[WhiteElo "2067"]
[WhiteFed "NED"]
[WhiteFideId "6160462"]

1.e4 d5 2.exd5 Nf6 3.Bb5+ Bd7 4.Be2 Nxd5 5.d4 g6 6.Nf3 Bg7 7.O-O O-O 8.c4 Nf6
9.Nc3 Bg4 10.h3 Bxf3 11.Bxf3 c6 12.Bf4 e6 13.Qd2 Nbd7 14.Rad1 Re8 15.Rfe1 Rc8
16.b3 a6 17.g4 Kh8 18.g5 Ng8 19.Ne4 e5 20.Nd6 Re7 21.dxe5 Ra8 22.Bg4 Qf8 23.e6
fxe6 24.Rxe6 Ne5 25.Bxe5 Bxe5 26.Rxe5 Rxe5 27.Qd4 Re8 28.Nxe8 Qxe8 29.f4  1-0

[Event "NK Senioren enVeteranen 2025"]
[Site "Dieren, Netherlands"]
[Date "2025.07.12"]
[Round "1"]
[White "Perrenet, Jacob"]
[Black "Baarslag, Ed"]
[Result "0-1"]
[BlackElo "2059"]
[BlackFed "NED"]
[BlackFideId "6035172"]
[WhiteElo "1940"]
[WhiteFed "NED"]
[WhiteFideId "7021619"]

1.Nc3 d5 2.d4 Nf6 3.Bg5 Bf5 4.f3 Nbd7 5.Nxd5 Nxd5 6.e4 h6 7.Bd2 e6 8.Bd3 Bd6
9.Qe2 Qh4+ 10.g3 Bxg3+ 11.hxg3 Qxh1 12.O-O-O Bg6 13.exd5 Bxd3 14.Qxd3 O-O-O
15.Ne2 Qh2 16.d6 cxd6 17.Nc3 Qxg3 18.Ne4 Qh2 19.Qa3 Nb8 20.Bb4 Nc6 21.Nxd6+
Rxd6 22.Bxd6 Qh5 23.c4 Qa5 24.Qb3 Rd8 25.c5 Nb4 26.a3 Nd5 27.Qd3 Qa6 28.Qxa6
bxa6 29.b4 Nc3 30.Rg1 Ne2+  0-1

[Event "NK Senioren enVeteranen 2025"]
[Site "Dieren, Netherlands"]
[Date "2025.07.12"]
[Round "1"]
[White "Brongers, Henk"]
[Black "Visser, Gerrit"]
[Result "0-1"]
[BlackElo "1929"]
[BlackFed "NED"]
[BlackFideId "7157744"]
[WhiteElo "2055"]
[WhiteFed "FRA"]
[WhiteFideId "7081019"]

 1. e4 e6 2. d4 d5 3. Nc3 Bb4 4. Nge2 dxe4 5. a3 Bxc3+ 6. Nxc3 Nc6 7. d5 exd5 8. Qxd5 Be6 9. Qxe4 Nf6 10. Qa4 Qe7 11. Be2 Nd5 12. Ne4 O-O-O 13. Ng3 Nb6 14. Qe4 Rd4 15. Qe3 Nd5 16. Qf3 Ne5 17. Qb3 Nf4 18. Qc3 Nxe2 19. Nxe2 Re4 20. Be3 Ng4 21. Bc5 Qh4 22. g3 Qh5 23. f3 Rc4 24. fxg4 Qxc5 25. Qxg7 Re8 26. Nc3 Bxg4+ 27. Kf1 Bh3# 0-01---

[Event "NK Senioren enVeteranen 2025"]
[Site "Dieren, Netherlands"]
[Date "2025.07.12"]
[Round "1"]
[White "Burer, Audry"]
[Black "Geboers, Jimmy"]
[Result "0-1"]
[BlackElo "2045"]
[BlackFed "BEL"]
[BlackFideId "8111004"]
[WhiteElo "1926"]
[WhiteFed "NED"]
[WhiteFideId "6016725"]

1.Nf3 c5 2.d3 d5 3.g3 b6 4.Bg2 Bb7 5.O-O g6 6.Nbd2 Nf6 7.Re1 Bg7 8.c3 O-O 9.Qc2
Nc6 10.e4 e6 11.e5 Nd7 12.d4 cxd4 13.cxd4 Rc8 14.Qa4 Qe7 15.a3 Na5 16.Qd1 Ba6
17.Bf1 Bxf1 18.Nxf1 Nb8 19.b3 Qd7 20.Qd3 Qc7 21.Bd2 Qc2 22.Qxc2 Rxc2 23.Bxa5
bxa5 24.Rec1 Rfc8 25.Rxc2 Rxc2 26.Rb1 Rc3 27.Ne1 Nc6 28.Ne3 Nxd4 29.Nd1 Rxb3
30.Rxb3 Nxb3 31.f4 Bf8 32.a4 Bb4 33.Nd3 Nc5 34.N3b2 Ne4 35.Kg2 Kf8 36.Kf3 Ke8
37.g4 Kd7 38.f5 gxf5 39.gxf5 exf5 40.Kf4 Ke6 41.Ne3 Bd2 42.Nd3 d4  0-1

[Event "NK Senioren enVeteranen 2025"]
[Site "Dieren, Netherlands"]
[Date "2025.07.12"]
[Round "1"]
[White "Elskamp, Dries"]
[Black "Poelstra, Ben"]
[Result "0-1"]
[BlackElo "2036"]
[BlackFed "NED"]
[BlackFideId "7218497"]
[WhiteElo "1914"]
[WhiteFed "NED"]
[WhiteFideId "7175300"]

1.d4 Nf6 2.c4 e6 3.Nc3 d5 4.Bg5 c5 5.cxd5 exd5 6.Nf3 Be7 7.e3 cxd4 8.Nxd4 O-O
9.Be2 Nc6 10.O-O Ne4 11.Nxc6 bxc6 12.Nxe4 Bxg5 13.Nxg5 Qxg5 14.Rc1 Rb8 15.Qd4
Rb6 16.Rc5 Bh3 17.Bf3 Rfb8 18.Kh1 Rb4 19.Qc3 Bd7 20.b3 Qh6 21.g3 Qd6 22.Rd1
R8b6 23.Ra5 a6 24.Rd4 Qf6 25.Be2 Qxf2 26.Qd2 Rxd4 27.exd4 Bh3 28.Rxa6  0-1

[Event "NK Senioren enVeteranen 2025"]
[Site "Dieren, Netherlands"]
[Date "2025.07.12"]
[Round "1"]
[White "Schakel, Tim"]
[Black "Massink, Henk"]
[Result "1/2-1/2"]
[BlackElo "1909"]
[BlackFed "NED"]
[BlackFideId "6263829"]
[WhiteElo "2033"]
[WhiteFed "NED"]
[WhiteFideId "7440422"]

 1. Nf3 b6 2. g3 Bb7 3. Bg2 e6 4. O-O d5 5. d4 Nd7 6. b3 Ngf6 7. Bb2 Be7 8. Nbd2
O-O 9. c4 Re8 10. Ne5 Nxe5 11. dxe5 Nd7 12. cxd5 exd5 13. f4 Bc5+ 14. Kh1 c6
15. Nf3 Qc7 16. Qc2 Nf8 17. e4 dxe4 18. Qxe4 Rad8 19. Rfd1 Rxd1+ 20. Rxd1 Rd8
21. Qc2 h6 22. Rxd8 Qxd8 23. Qd2 Qe7 24. f5 Nd7 25. h4 Bb4 26. Qf4 Bc5 27. f6
Qe6 28. Kh2 Nf8 29. fxg7 Kxg7 30. Bh3 Ng6 31. Qe4 Qd5 32. Qf5 Kg8 33. Qf6 Be7
34. Qf5 c5 35. Bg2 Qe4 36. Qd7 Qc6 37. Qd2 Bf8 38. h5 Ne7 39. Qf4 Qe4 40. Qd2
Qg4 41. Nh4 Bxg2 42. Kxg2 Qxh5 43. Qd3 Qg4 44. Bc1 Ng6 45. Nf3 h5 46. Kf2 h4
47. gxh4 Nxh4 48. Nxh4 Qxh4+ 49. Qg3+ Qxg3+ 50. Kxg3 Bg7 51. Bb2 Kf8 52. Kf4
Ke7 53. Kf5 Bh6 54. Bc3 Be3 55. Ke4 Bf2 56. Kd5 Kd7 57. a4 a6 58. Bd2 Bd4 59.
Bh6 Bb2 1/2-1/2

[Event "NK Senioren enVeteranen 2025"]
[Site "Dieren, Netherlands"]
[Date "2025.07.13"]
[Round "2"]
[White "Schouten, Nico"]
[Black "Bottema, Tom"]
[Result "1/2-1/2"]
[BlackElo "2166"]
[BlackFed "NED"]
[BlackFideId "6377195"]
[WhiteElo "2068"]
[WhiteFed "NED"]
[WhiteFideId "6066027"]
[WhiteTitle "IM"]

1.d4 g6 2.Nf3 d6 3.c4 Bg7 4.Nc3 e5 5.e3 f5 6.b3 e4 7.Ng1 c5 8.Nge2 Nc6 9.Bb2
cxd4 10.Nxd4 Nxd4 11.exd4 Nf6 12.Qd2 O-O 13.Be2 f4 14.Qxf4 Ng4 15.Qxe4 Nxf2
16.Qd5+ Kh8 17.O-O Qh4 18.Nd1 Rf5 19.Qxd6 Ne4 20.g3 Qg5 21.Rxf5 Bxf5 22.Qf4 Qe7
23.Ne3 Ng5 24.Bf1 Be4 25.Nd5 Bxd5 26.cxd5 Rf8 27.d6 Qd8 28.Qe3 Re8 29.Qd3 Qxd6
30.Rd1 Qd7 31.Bg2 Qg4 32.Bc3 Re3 33.Qxe3 Qxd1+ 34.Kf2 Qc2+ 35.Qe2 Ne4+ 36.Bxe4
Qxc3 37.d5 Qd4+ 38.Kg2 b5 39.Bf3 Qb2 40.d6 b4 41.d7 Qxe2+ 42.Bxe2 Bf6 43.Kf3
Kg7 44.Ke4 Bd8 45.Ke5 Kf7 46.Kd6 Ba5 47.Kc6 Bb6 48.Ba6 Ke7 49.Bd3 Bd8 50.g4 Bb6
51.h3 Kd8 52.Kd6 Bf2 53.Ke6 Be3 54.Bb5 h5 55.Bd3 hxg4 56.hxg4 g5 57.Kd6 Bf4+
58.Kc6 a5 59.Bf5 Bc7 60.Be6 Bf4 61.Kb6 Bc7+  1/2-1/2

[Event "NK Senioren enVeteranen 2025"]
[Site "Dieren, Netherlands"]
[Date "2025.07.13"]
[Round "2"]
[White "Cornelisse, John"]
[Black "Van Oosten, Arend"]
[Result "1-0"]
[BlackElo "2067"]
[BlackFed "NED"]
[BlackFideId "6160462"]
[WhiteElo "2158"]
[WhiteFed "NED"]
[WhiteFideId "7143191"]

1.e4 e6 2.d4 d5 3.exd5 exd5 4.Bf4 Nf6 5.Nc3 Be7 6.Bd3 O-O 7.Nge2 c6 8.Qd2 b5
9.Ng3 Re8 10.O-O Be6 11.Nce2 Nbd7 12.a4 b4 13.a5 Nf8 14.Nf5 Ng6 15.Nxe7+ Qxe7
16.Bg5 Rab8 17.Ng3 h6 18.Bxg6 fxg6 19.Bf4 Rb5 20.Rfe1 Qf8 21.f3 g5 22.Be5 Nd7
23.Qd3 Nxe5 24.Rxe5 Bd7 25.Qe3 Rxe5 26.Qxe5 Qf6 27.Qxf6 gxf6 28.Kf2 Kf7 29.Ke3
Ke7 30.Kd2 Rb8 31.Ne2 Kd6 32.Nc1 c5 33.dxc5+ Kxc5 34.Nb3+ Kc4 35.Re1 Re8 36.Ra1
d4 37.a6 Re5 38.Na5+ Kb5 39.Kd3 Bf5+ 40.Kxd4 Re2 41.Nc4 Be6 42.Ra5+ Kc6 43.Rc5+
Kd7 44.Ne3 Rd2+ 45.Ke4 Kd6 46.Rb5 b3 47.cxb3 Rxb2 48.Nf5+ Bxf5+ 49.Kxf5 Rxg2
50.Kxf6 Rxh2 51.Kg6 Kc6 52.Rb7 Rf2 53.Rf7 Kb6 54.Rf6+ Kb5 55.Kxh6 Rb2 56.Kxg5
Rxb3 57.f4  1-0

[Event "NK Senioren enVeteranen 2025"]
[Site "Dieren, Netherlands"]
[Date "2025.07.13"]
[Round "2"]
[White "Baarslag, Ed"]
[Black "Mijnheer, Peter"]
[Result "1-0"]
[BlackElo "2153"]
[BlackFed "NED"]
[BlackFideId "6884757"]
[WhiteElo "2059"]
[WhiteFed "NED"]
[WhiteFideId "6035172"]

1.d4 d5 2.Bf4 e6 3.e3 Bd6 4.Qg4 Nf6 5.Qxg7 Rg8 6.Qh6 Rg6 7.Qh4 Rg4 8.Qh3 Bxf4
9.exf4 c5 10.dxc5 Rxf4 11.Nc3 Qa5 12.Ne2 Rf5 13.O-O-O Qxc5 14.Nd4 Rg5 15.f4 Rg8
16.Qh4 Qe7 17.Bb5+ Bd7 18.Rhe1 Bxb5 19.Ncxb5 Rg4 20.Qh3 Nc6 21.Nf5 Qd8 22.Nbd6+
Kd7 23.Nxf7 Qa5 24.N5h6 Qxa2 25.Nxg4  1-0

[Event "NK Senioren enVeteranen 2025"]
[Site "Dieren, Netherlands"]
[Date "2025.07.13"]
[Round "2"]
[White "Hoogland, Dirk"]
[Black "Ellenbroek, Ton"]
[Result "1/2-1/2"]
[BlackElo "2002"]
[BlackFed "NED"]
[BlackFideId "7339552"]
[WhiteElo "2137"]
[WhiteFed "NED"]
[WhiteFideId "5985199"]
[WhiteTitle "CM"]

1.c4 e5 2.g3 Nf6 3.Bg2 d5 4.cxd5 Nxd5 5.Nc3 Nf6 6.d3 h6 7.Nf3 Nc6 8.O-O Bd6 9.b3
O-O 10.Bb2 Re8 11.Rc1 Be6 12.Nd2 Qd7 13.Nce4 Nxe4 14.Nxe4 Bh3 15.Nxd6 cxd6
16.e3 Bxg2 17.Kxg2 d5 18.Qd2 Rad8 19.b4 e4 20.dxe4 dxe4 21.Qxd7 Rxd7 22.Rc4 Rd2
23.Rb1 f5 24.a4 a5 25.bxa5 Re6 26.Rc5 g6 27.Bc3 Rd7 28.Rb6 Nd8 29.Rc8 Kf7
30.Rb8 Rc6 31.Bd4 Rxb6 32.Bxb6 Nc6 33.Rh8 h5 34.Rh7+ Ke6 35.Rh6 Kf6 36.Rh8 Ke6
37.Rc8 Ne5 38.Re8+ Re7 39.Rc8 Rd7 40.Bd4 Nf3 41.Rc4 Nxd4 42.exd4 Rd5 43.Rb4
Rxa5 44.Rb6+  1/2-1/2

[Event "NK Senioren enVeteranen 2025"]
[Site "Dieren, Netherlands"]
[Date "2025.07.13"]
[Round "2"]
[White "Geboers, Jimmy"]
[Black "Wilgenhof, Otto"]
[Result "1/2-1/2"]
[BlackElo "2098"]
[BlackFed "NED"]
[BlackFideId "5802115"]
[WhiteElo "2045"]
[WhiteFed "BEL"]
[WhiteFideId "8111004"]

1.d4 Nf6 2.c4 c5 3.d5 b5 4.cxb5 a6 5.bxa6 g6 6.Nc3 Bg7 7.e4 d6 8.Nf3 O-O 9.Bd3
Nxa6 10.O-O Nb4 11.Be2 Ba6 12.a3 Qa5 13.Bg5 Bxe2 14.Qxe2 Na6 15.Rfb1 Nc7 16.Ra2
h6 17.Bd2 Nd7 18.b4 Qb6 19.Qc4 Rfb8 20.b5 Bxc3 21.Bxc3 Nxb5 22.Qd3 c4 23.Qxc4
Nxa3 24.Rxb6 Nxc4 25.Rxa8 Rxa8 26.Rb7 Nc5 27.Rxe7 Kf8 28.Bf6 Ne5 29.h3 Ned7
30.e5 dxe5 31.Nxe5 Nxe5 32.Rxe5 Nd7 33.Be7+ Kg7 34.Re1 Ra5 35.d6 Re5 36.Rc1 Rd5
37.Rc7 Rd1+ 38.Kh2 Nf6 39.Rc8 Ne4 40.f3 Ng5 41.Bxg5 hxg5 42.Rc6 Kf6 43.Kg3 Rd4
44.Kf2 Ke6 45.Ke3 Rd1 46.f4 gxf4+ 47.Kxf4 Rf1+ 48.Kg5 Rf5+ 49.Kg4 Kd7 50.Ra6
Ke6 51.h4 Kd7 52.Kh3 Rf6 53.g4 Rxd6 54.Rxd6+ Kxd6 55.Kg3 Ke5 56.Kf3 Kf6 57.Kf4
g5+  1/2-1/2

[Event "NK Senioren enVeteranen 2025"]
[Site "Dieren, Netherlands"]
[Date "2025.07.13"]
[Round "2"]
[White "Poelstra, Ben"]
[Black "Koopman, Hendrik"]
[Result "*"]
[BlackElo "2072"]
[BlackFed "NED"]
[BlackFideId "6385808"]
[WhiteElo "2036"]
[WhiteFed "NED"]
[WhiteFideId "7218497"]

1.e4 d5 2.Nc3 d4 3.Nce2 e5 4.c3 c5 5.cxd4 cxd4 6.Ng3 Be6 7.Bb5+ Nd7 8.Nf3 f6
9.O-O Nh6 10.d3 Nf7 11.Nh4 Nd6 12.Ba4 Qb6 13.f4 O-O-O 14.f5 Bf7 15.b4 Be7
16.Bb3 Bxb3 17.Qxb3 Kb8 18.Bd2 Nb5 19.Qe6 Rhe8 20.Qxb6 Nxb6 21.a4 Nc3 22.a5
Nba4 23.b5 Nb2 24.Rf3 Rc8 25.Kf1 Nxb5 26.Nh5 Bf8 27.Rg3 Rc2 28.Ke1 Rec8 29.a6
bxa6 30.Rxa6 Rxd2 31.Kxd2 Bb4+ 32.Ke2 Rc2+ 33.Kf3 Nxd3 34.Rxg7 Be1 35.g3 Nf4
36.Nxf4 exf4 37.Rxf6 d3 38.Rf8+ Rc8 39.Rxc8+ Kxc8 40.Rg8+ Kc7 41.Rg7+ Kb6
42.Rd7 fxg3 43.hxg3 d2 44.f6 Kc6 45.Rd3 d1=Q+ 46.Rxd1 Bb4 47.e5 Nc7 48.Ke4 a5
49.Kf5 Nd5 50.Rc1+ Kd7 51.e6+ Kd8 52.Rd1  *

[Event "NK Senioren enVeteranen 2025"]
[Site "Dieren, Netherlands"]
[Date "2025.07.13"]
[Round "2"]
[White "Visser, Gerrit"]
[Black "Homs, Guust"]
[Result "1/2-1/2"]
[BlackElo "2113"]
[BlackFed "NED"]
[BlackFideId "6776407"]
[WhiteElo "1929"]
[WhiteFed "NED"]
[WhiteFideId "7157744"]

1.Nf3 d5 2.d4 Nf6 3.e3 Bf5 4.Bd3 Bxd3 5.cxd3 e6 6.Nc3 Be7 7.O-O O-O 8.Bd2 b6
9.Rc1 c5 10.Ne2 Nbd7 11.Qa4 a6 12.dxc5 Nxc5 13.Qc2 Rc8 14.b4 Ncd7 15.Qa4 Rxc1
16.Rxc1 Qa8 17.Ned4 Rc8 18.Rxc8+ Qxc8 19.Nc6 Bd6 20.Qc2 Kf8 21.a4 Nb8 22.Ncd4
Qxc2 23.Nxc2 Ke8 24.Bc3 Nc6 25.Kf1 h6 26.Nfd4 Kd7 27.Nxc6 Kxc6 28.Bxf6 gxf6
29.Nd4+ Kd7 30.b5 axb5 31.Nxb5 f5  1/2-1/2